00863nam a22002177a 4500003001100000005001700011008004100028040003900069041000800108082001600116100001800132245013900150260005200289300003300341490003400374650003300408942000700441952009100448952009100539999001500630LK-CoMWRAF20240319095014.0240319b1998 |||||||| |||| 00| 0 eng d aLK-CoMWRAFdLK-CoMWRAFeLK-CoMWRAF aeng a361.37bHOO aHoodfar, Homa aVolunteer health workers in Iran as social activists:bCan "governmental non-governmental organizations" be agents of democratization? aGrables:bWomen Living Under Muslim Laws,c1998 a30 p.bBibliography included aWLUML occasional papervNo.10 aVOLUNTEER WORKERS-women-Iran cBK 00104070aMAINbMAINd2024-03-19l0o361.37 HOOpRAF5209r2024-03-19w2024-03-19yBK 00104070aMAINbMAINd2024-03-19l0o361.37 HOOpRAF5211r2024-03-19w2024-03-19yBK c4863d4863